000 01037nam a22003257a 4500
001 BR7303386
003 BR-BrBNA
005 20230928083950.0
007 ta
008 230509b bl.||||| |||| 00| 0 por d
040 _aBR-BrBNA
_bpor
_cBiblioteca Nacional de Agricultura
041 _a(Por)
072 _aE30
_b2110
_b/G514
090 _ 2110 BR7303386
110 1 _aComissao Executiva do Plano de Recuperacao Economico-Rural da Lavoura Cacaueira, Ilheus, BA (Brasil)
_92138
245 1 _aProposta para a realizacao de diagnostico socio-economico da regiao Cacaueira [Bahia; Brasil]
260 3 _aIlheus, BA (Brasil):
_c1970.
300 _a111 p.
500 _a3 maps (scale 1:2,000,000 to 1:1,750,000)
650 _aPROJETO DE DESENVOLVIMENTO
650 _aDESENVOLVIMENTO AGRICOLA
650 _aDESENVOLVIMENTO ECONOMICO
650 _aINDICADOR ECONOMICO
650 _aINDICADOR SOCIAL
650 _aCACAU
650 _aZONA CACAUEIRA
650 _aBAHIA
909 _a202309
_bLucia
_c55
_dLucia Elande
942 _cBK
999 _c16052
_d16052